Sociálna funkcia regionálnej samosprávy diplomová práca

Salvato in:
Dettagli Bibliografici
Autore principale: Valová, Jana
Ente Autore: Národohospodárska fakulta EU. Katedra verejnej správy a regionálneho rozvoja
Altri autori: Žárska, Elena, 1955-
Natura: Libro
Lingua:slovacco
Pubblicazione: Bratislava 2011
Tags: Aggiungi Tag
Nessun Tag, puoi essere il primo ad aggiungerne!!

MARC

LEADER 00000nbm a2200000 4500
001 0142271
005 20161109102003.7
041 0 |a slo 
044 |a SK 
245 1 0 |a Sociálna funkcia regionálnej samosprávy  |b diplomová práca  |c Jana Valová ; školiteľ: Elena Žárska 
264 1 |a Bratislava  |c 2011 
300 |a 59 s. 
100 1 |a Valová, Jana 
700 1 |a Žárska, Elena, 1955- 
710 2 |a Národohospodárska fakulta EU. Katedra verejnej správy a regionálneho rozvoja